Gody s Borisom Pasternakom : v plenu vremeni /

Bibliographic Details
Main Author: Ivinskai︠a︡, Olʹga, 1912-1995
Format: Book
Language:Russian
Published: Moskva : "Libris", 1992.
Subjects:

MARC

Tag First Indicator Second Indicator Subfields
LEADER 00000cam a2200000 a 4500
001 in00001561925
005 20200411063038.0
008 981116s1992 ru acf b 000 0brusod
010 |a  00349088  
020 |a 5865680285 
035 |a (OCoLC)ocm27980938 
035 |a (OCoLC)ocm 27980938 
040 |a BRL  |c DLC  |d TXA  |d UtOrBLW 
042 |a lccopycat 
043 |a e-ru--- 
049 |a TXAM 
050 0 0 |a PG3476.P27  |b Z714 1992 
100 1 |a Ivinskai︠a︡, Olʹga,  |d 1912-1995. 
240 1 0 |a V plenu vremeni 
245 1 0 |a Gody s Borisom Pasternakom :  |b v plenu vremeni /  |c Olʹga Ivinskai︠a︡. 
264 1 |a Moskva :  |b "Libris",  |c 1992. 
300 |a 461 pages, 16 unnumbered pages of plates :  |b illustrations, portraits ;  |c 24 cm. 
336 |a text  |b txt  |2 rdacontent 
337 |a unmediated  |b n  |2 rdamedia 
338 |a volume  |b nc  |2 rdacarrier 
500 |a Originally published: V plenu vremeni. Paris : Fayard, 1978. With new introduction. 
500 |a "At head of title, volumes 1-2, 4: Dragutin A. Stefanović, Vukašin Stanisavljević; 3: Dragutin A. Stefanovic." 
500 |a Includes volumes of various editions. 
504 |a Includes bibliographical references. 
600 1 0 |a Pasternak, Boris Leonidovich,  |d 1890-1960  |x Relations with women. 
600 1 0 |a Ivinskai︠a︡, Olʹga,  |d 1912-1995. 
650 0 |a Authors, Russian  |y 20th century  |v Biography. 
948 |a cataloged  |b h  |c 2000/9/19  |d c  |e tchubaryan  |f 10:53:03 am 
994 |a E0  |b TXA 
999 |a MARS 
999 f f |s fe74adcc-b0f5-3a65-82eb-2d233a430356  |i b1ae2ef6-3aaf-3677-92ec-289e663951d0  |t 0 
952 f f |p ric  |a Texas A&M University  |b Rellis Campus  |c Joint Library Facility  |s JLF  |d Remote Storage  |t 0  |e PG3476.P27 Z714 1992  |h Library of Congress classification  |i unmediated -- volume  |m A14826868889 
998 f f |a PG3476.P27 Z714 1992  |t 0  |l Remote Storage